Super Smash Bros. Brawl All Characters Quiz - Statistics

General Stats
  • This quiz has been taken 58 times
  • The average score is 30 of 41
Answer Stats
Answer % Correct
Luigi
97%
Mario
97%
Link
94%
Fox
91%
Zelda
91%
Falco
88%
Pikachu
88%
Samus
88%
Donkey Kong
85%
Wario
85%
Bowser
82%
Ike
82%
Peach
82%
Kirby
79%
Marth
79%
Ganondorf
76%
Snake
76%
Wolf
76%
Diddy Kong
74%
Jigglypuff
74%
Lucario
74%
Lucas
74%
Ness
74%
Sheik
74%
Yoshi
74%
Captain Falcon
71%
Olimar
71%
Toon Link
71%
Meta Knight
68%
Pit
68%
Zero Suit Samus
68%
King Dedede
65%
Mr. Game and Watch
65%
Pokemon Trainer
65%
R.O.B.
65%
Sonic
65%
Ice Climbers
59%
Charizard
56%
Ivysaur
56%
Squirtle
56%
Random
24%
No matching quizzes found
Score Distribution
Percent of People with Each Score
Percentile by Number Answered
Your Score History
You have not taken this quiz